Gallo-Roman Bronzes and the Process of Romanization: The Cobannus Hoard /
This book constitutes the first comprehensive publication of a cache of eight bronzes from east-central Gaul. The types of objects and accompanying inscriptions suggest that these bronzes originally came from a sanctuary of a god named Cobannus. The first part of the book describes, analyzes, and in...
المؤلف الرئيسي:
التنسيق: كتاب الكتروني
اللغة: English
منشور في:
Leiden; Boston :
BRILL,
2002.
سلاسل:
Brill Book Archive Part 1, ISBN: 9789004472495.
Monumenta Graeca et Romana ;
9.
الموضوعات:
الوصول للمادة أونلاين: Login to view Source
الوسوم: إضافة وسم
رقم الطلب: NK7907.3
| LEADER | 02663nam a22005178i 4500 | ||
|---|---|---|---|
| 001 | BRILL9789004493667 | ||
| 003 | nllekb | ||
| 005 | 20230529211319.0 | ||
| 006 | m d | ||
| 007 | cr un uuuua | ||
| 008 | 200716s2002 ne sb 001 0 eng d | ||
| 010 | |z 2002277755 | ||
| 020 | |a 9789004493667 |q (electronic book) | ||
| 020 | |a 9789004124370 |q (print) | ||
| 024 | 7 | |a 10.1163/9789004493667 |2 DOI | |
| 035 | |z (OCoLC)49522596 | ||
| 040 | |a NL-LeKB |c NL-LeKB |e rda | ||
| 050 | 4 | |a NK7907.3 | |
| 072 | 7 | |a ACG |2 bicssc | |
| 072 | 7 | |a ART |x 015060 |2 bisacsh | |
| 082 | 0 | 4 | |a 733.5 |2 23 |
| 100 | 1 | |a Pollini, John |e author. | |
| 245 | 1 | 0 | |a Gallo-Roman Bronzes and the Process of Romanization: The Cobannus Hoard / |c John Pollini. |
| 264 | 1 | |a Leiden; |a Boston : |b BRILL, |c 2002. | |
| 300 | |a 1 online resource. | ||
| 336 | |a text |b txt |2 rdacontent | ||
| 337 | |a computer |b c |2 rdamedia | ||
| 338 | |a online resource |2 rdacarrier | ||
| 490 | 1 | |a Brill Book Archive Part 1, ISBN: 9789004472495 | |
| 490 | 1 | |a Monumenta Graeca et Romana ; |v 9 | |
| 504 | |a Includes bibliographical references and index. | ||
| 520 | |a This book constitutes the first comprehensive publication of a cache of eight bronzes from east-central Gaul. The types of objects and accompanying inscriptions suggest that these bronzes originally came from a sanctuary of a god named Cobannus. The first part of the book describes, analyzes, and interprets the individual objects, which are divided between the J. Paul Getty Museum and the Shelby White - Leon Levy Collection. The latter part of this work places the cache within a chronological, cultic, and cultural context. The Cobannus hoard is valuable not only from an artistic point of view but also for the information it provides on many different aspects of the religious, social, and political life of Roman Gaul. The book is lavishly illustrated, with 2 maps and 117 illustrations. | ||
| 559 | 4 | |a NK7907.3 | |
| 588 | |a Description based on print version record. | ||
| 650 | 0 | |a Archaeological finds. | |
| 650 | 0 | |a Bronze, Roman. | |
| 650 | 0 | |a Bronzes, Roman |x Gaul. | |
| 650 | 0 | |a Classical antiques. | |
| 650 | 0 | |a Gallo-Roman. | |
| 776 | 0 | 8 | |i Print version: |t Gallo-Roman Bronzes and the Process of Romanization: The Cobannus Hoard. |d Leiden ; Boston : BRILL, 2002 |z 9789004124370 |
| 830 | 0 | |a Brill Book Archive Part 1, ISBN: 9789004472495. | |
| 830 | 0 | |a Monumenta Graeca et Romana ; |v 9. | |
| 856 | 4 | |z DOI: |u http://dx.doi.org/10.1163/9789004493667 | |
| 942 | |2 lcc |c EBOOK | ||
| 952 | |0 0 |1 0 |2 lcc |4 0 |6 NK79073 |7 1 |9 48301 |a BRILL |b BRILL |d 2023-05-29 |l 0 |o NK7907.3 |r 2023-05-29 00:00:00 |w 2023-05-29 |y EBOOK | ||
| 999 | |c 53645 |d 53645 | ||
